[Event "Titled Tuesday intern op 16th Apr Early"]
[Site "Chess.com INT"]
[Date "2024.04.16"]
[Round "7"]
[White "Gokhale, Rishabh Chandrashek"]
[Black "Molina Carretero, Daniel"]
[Result "1-0"]
[WhiteElo "2079"]
[BlackElo "2174"]
[PlyCount "61"]
[EventDate "2024.04.16"]
[EventType "swiss (blitz)"]
[EventRounds "11"]
[EventCountry "USA"]
[SourceTitle "CB17_2024"]
[SourceDate "2024.04.24"]
[SourceVersion "1"]
[SourceVersionDate "2024.04.24"]
[SourceQuality "1"]

1. e4 c6 2. d4 d5 3. e5 Bf5 4. Nf3 e6 5. Be2 c5 6. Be3 Qb6 7. Nc3 Nc6 8. 0-0 Qxb2 9. Qe1 cxd4 10. Bxd4 Nxd4 11. Nxd4 Bb4 12. Ndb5 Ba5 13. Rb1 Qxc2 14. Rc1 Qb2 15. Na4 Bxe1 16. Nxb2 Ba5 17. Nd6+ Kf8 18. Nxb7 Bb6 19. Na4 Ne7 20. Nd6 f6 21. g4 Bg6 22. Nxb6 axb6 23. f4 fxe5 24. fxe5+ Kg8 25. Rc7 Rxa2 26. Rxe7 Rxe2 27. Ne8 Bf5 28. gxf5 Kf8 29. f6 Rg8 30. Nxg7 Rxe5 31. Kh1 1-0

[Event "Titled Tuesday intern op 16th Apr Late"]
[Site "Chess.com INT"]
[Date "2024.04.16"]
[Round "3"]
[White "Skvortsov, Andrei"]
[Black "Molina Carretero, Daniel"]
[Result "1-0"]
[WhiteElo "2304"]
[BlackElo "2174"]
[PlyCount "105"]
[EventDate "2024.04.16"]
[EventType "swiss (blitz)"]
[EventRounds "11"]
[EventCountry "USA"]
[SourceTitle "CB17_2024"]
[SourceDate "2024.04.24"]
[SourceVersion "1"]
[SourceVersionDate "2024.04.24"]
[SourceQuality "1"]

1. e4 c6 2. e5 d6 3. exd6 exd6 4. d4 d5 5. Nf3 Bd6 6. Bd3 Nf6 7. Qe2+ Qe7 8. Qxe7+ Kxe7 9. Bg5 Be6 10. Nbd2 Nbd7 11. 0-0-0 h6 12. Bh4 Rhe8 13. Rde1 Kf8 14. Bg3 Bxg3 15. fxg3 Kg8 16. c3 Ng4 17. Rhf1 b6 18. h3 Ngf6 19. g4 Nh7 20. Ne5 Nxe5 21. Rxe5 Bd7 22. Bxh7+ Kxh7 23. Rxf7 Rxe5 24. dxe5 Be8 25. Re7 Kg8 26. Nf3 Kf8 27. Rc7 c5 28. Kd2 Bg6 29. Ke3 Be4 30. a3 Re8 31. Rxa7 Bxf3 32. gxf3 Rxe5+ 33. Kd2 Re6 34. Rd7 Rf6 35. Rxd5 Rxf3 36. Rf5+ Rxf5 37. gxf5 Ke7 38. b4 cxb4 39. cxb4 b5 40. Ke3 Kf6 41. Kf4 h5 42. h4 g6 43. fxg6 Kxg6 44. Ke5 Kg7 45. Kd5 Kf6 46. Kc5 Kf5 47. Kxb5 Kg4 48. a4 Kxh4 49. a5 Kg3 50. a6 h4 51. a7 h3 52. a8Q h2 53. Qh1 1-0

[Event "Titled Tuesday intern op 12th Mar Early"]
[Site "Chess.com INT"]
[Date "2024.03.12"]
[Round "2"]
[White "Skvortsov, Andrei"]
[Black "Molina Carretero, Daniel"]
[Result "1-0"]
[WhiteElo "2295"]
[BlackElo "2176"]
[PlyCount "105"]
[EventDate "2024.03.12"]
[EventType "swiss (blitz)"]
[EventRounds "11"]
[EventCountry "USA"]
[SourceTitle "CB12_2024"]
[SourceDate "2023.10.01"]
[SourceVersion "1"]
[SourceVersionDate "2023.10.01"]
[SourceQuality "1"]

1. e4 c6 2. d4 d5 3. e5 Bf5 4. h4 h6 5. g4 Bd7 6. h5 c5 7. c3 Nc6 8. f4 Qa5 9. dxc5 Qxc5 10. b4 Nxb4 11. cxb4 Qxb4+ 12. Kf2 e6 13. Kg3 Rc8 14. Nf3 Bc5 15. Ba3 Qb6 16. Bxc5 Rxc5 17. Qd4 Ne7 18. Nbd2 0-0 19. Rb1 Qc7 20. Nb3 Rc3 21. Rh2 f6 22. Re2 Rc4 23. Qd2 fxe5 24. fxe5 Nc6 25. Rbe1 Qb6 26. Re3 Rcf4 27. Bg2 a5 28. Nbd4 Nxd4 29. Nxd4 Qxd4 30. Qxd4 Rxd4 31. Rc1 Bc6 32. Rc5 a4 33. a3 Rff4 34. Bf3 Rc4 35. Rc3 Rxc3 36. Rxc3 Rc4 37. Rxc4 dxc4 38. Bxc6 bxc6 39. Kf4 Kf7 40. Ke3 Ke7 41. Kd4 Kd7 42. Kxc4 Kc7 43. Kc5 Kb7 44. Kd6 Kb6 45. Kxe6 c5 46. Kd5 Kb5 47. e6 c4 48. e7 c3 49. e8Q+ Ka5 50. Qa8+ Kb6 51. Qc6+ Ka5 52. Kc5 c2 53. Qb6# 1-0

[Event "Catalunya-chT Gp1"]
[Site "Barcelona"]
[Date "2024.02.24"]
[Round "6.5"]
[White "Boix Moreno, Daniel"]
[Black "Molina Carretero, Daniel"]
[Result "1-0"]
[WhiteElo "2253"]
[BlackElo "2180"]
[PlyCount "83"]
[EventDate "2024.01.20"]
[EventType "team-tourn"]
[EventRounds "7"]
[EventCountry "ESP"]
[SourceTitle "CB11_2024"]
[SourceDate "2024.03.13"]
[SourceVersion "1"]
[SourceVersionDate "2024.03.13"]
[SourceQuality "1"]
[WhiteTeam "Tres Peons"]
[BlackTeam "Olot"]
[WhiteTeamCountry "ESP"]
[BlackTeamCountry "ESP"]

1. e4 c6 2. d4 d5 3. e5 Bf5 4. Nf3 e6 5. Be2 c5 6. Be3 Qb6 7. c4 Qxb2 8. 0-0 Nc6 9. cxd5 exd5 10. dxc5 d4 11. Nxd4 0-0-0 12. Qb3 Qxb3 13. Nxb3 Nxe5 14. Nc3 Nf6 15. Nd4 Bg4 16. c6 Bxe2 17. cxb7+ Kxb7 18. Rab1+ Ka8 19. Ncxe2 Nd5 20. Nb5 a6 21. Rfd1 axb5 22. Rxb5 Bc5 23. Bxc5 Nf4 24. Ra5+ Kb7 25. Rb1+ Kc6 26. Nxf4 Nc4 27. Ra7 Kxc5 28. Rc7+ Kd4 29. Rd1+ Ke5 30. Nd3+ Kd4 31. Ne1+ Kc3 32. Rc1+ Kb2 33. R7xc4 Kxa2 34. Nf3 Rd7 35. g3 Re8 36. Kg2 Kb2 37. R1c2+ Kb3 38. R2c3+ Kb2 39. Rc7 Ree7 40. Rxd7 Rxd7 41. Rc8 Re7 42. Rh8 1-0

[Event "Catalunya-chT Gp1"]
[Site "Barcelona"]
[Date "2024.02.17"]
[Round "5.7"]
[White "Molina Carretero, Daniel"]
[Black "Ibanez Tarradellas, Eduardo"]
[Result "1-0"]
[WhiteElo "2180"]
[BlackElo "2164"]
[PlyCount "87"]
[EventDate "2024.01.20"]
[EventType "team-tourn"]
[EventRounds "7"]
[EventCountry "ESP"]
[SourceTitle "CB11_2024"]
[SourceDate "2024.03.13"]
[SourceVersion "1"]
[SourceVersionDate "2024.03.13"]
[SourceQuality "1"]
[WhiteTeam "Olot"]
[BlackTeam "Figueres"]
[WhiteTeamCountry "ESP"]
[BlackTeamCountry "ESP"]

1. c4 Nc6 2. g3 e5 3. Bg2 g6 4. Nc3 Bg7 5. e3 Nge7 6. Nge2 Nf5 7. 0-0 0-0 8. Rb1 d6 9. b4 Be6 10. d3 Qd7 11. b5 Nd8 12. a4 c6 13. Ba3 Rc8 14. a5 Re8 15. a6 bxa6 16. bxc6 Nxc6 17. Qa4 Nb8 18. Qxd7 Nxd7 19. Rb7 Nc5 20. Bxc5 Rxc5 21. Rfb1 Re7 22. Rb8+ Rc8 23. Rxc8+ Bxc8 24. Rb8 Re8 25. Nd5 Kf8 26. Nc7 Rd8 27. Bb7 Ne7 28. Nc3 Bf6 29. Ne4 Rd7 30. Bxc8 Rxc7 31. Bxa6+ Kg7 32. Nxd6 Rc6 33. Ne8+ Kh6 34. Bb5 Re6 35. Nxf6 Rxf6 36. Rb7 Nc8 37. Rc7 Nd6 38. Rxa7 Nxb5 39. cxb5 Rb6 40. Rxf7 Rxb5 41. Rd7 Kg5 42. Kg2 h5 43. h4+ Kf5 44. Rd6 1-0

[Event "Catalunya-chT Gp1"]
[Site "Barcelona"]
[Date "2024.01.27"]
[Round "2.8"]
[White "Ayza Leon, David"]
[Black "Molina Carretero, Daniel"]
[Result "1/2-1/2"]
[WhiteElo "2224"]
[BlackElo "2180"]
[PlyCount "84"]
[EventDate "2024.01.20"]
[EventType "team-tourn"]
[EventRounds "7"]
[EventCountry "ESP"]
[SourceTitle "CB06_2024"]
[SourceDate "2024.02.07"]
[SourceVersion "1"]
[SourceVersionDate "2024.02.07"]
[SourceQuality "1"]
[WhiteTeam "Ateneu Colon"]
[BlackTeam "Olot"]
[WhiteTeamCountry "ESP"]
[BlackTeamCountry "ESP"]

1. e4 c6 2. d4 d5 3. exd5 cxd5 4. Bd3 Nc6 5. c3 e6 6. Bf4 Nge7 7. Ne2 Ng6 8. Bg3 Bd6 9. Bxd6 Qxd6 10. 0-0 0-0 11. f4 Bd7 12. Nd2 Rae8 13. Qe1 f6 14. Qg3 Nce7 15. Rae1 Nf5 16. Qh3 Nh6 17. Bxg6 hxg6 18. Qg3 Kf7 19. Nf3 Nf5 20. Qf2 Qb6 21. g4 Nd6 22. b3 Bb5 23. Qe3 Bxe2 24. Rxe2 Ne4 25. Nd2 Nxd2 26. Qxd2 Rh8 27. Rf3 Rh4 28. h3 Reh8 29. Kg2 Qd6 30. Qe1 a6 31. Qf2 g5 32. Ree3 gxf4 33. Rxf4 Ke7 34. Rg3 R8h6 35. Rff3 g5 36. Re3 Kf7 37. Kg1 Qf4 38. Rgf3 Qxg4+ 39. hxg4 Rh1+ 40. Kg2 R6h2+ 41. Kg3 Rh3+ 42. Kg2 R3h2+ 1/2-1/2

[Event "Catalunya-chT Gp1"]
[Site "Barcelona"]
[Date "2024.01.20"]
[Round "1.6"]
[White "Molina Carretero, Daniel"]
[Black "Escandell, Juan C"]
[Result "1/2-1/2"]
[WhiteElo "2180"]
[BlackElo "2195"]
[PlyCount "93"]
[EventDate "2024.01.20"]
[EventType "team-tourn"]
[EventRounds "7"]
[EventCountry "ESP"]
[SourceTitle "CB06_2024"]
[SourceDate "2024.02.07"]
[SourceVersion "1"]
[SourceVersionDate "2024.02.07"]
[SourceQuality "1"]
[WhiteTeam "Olot"]
[BlackTeam "Cerdanyola Valles"]
[WhiteTeamCountry "ESP"]
[BlackTeamCountry "ESP"]

1. c4 Nf6 2. g3 e5 3. Bg2 Nc6 4. Nc3 Bb4 5. Nd5 Bc5 6. e3 0-0 7. a3 Nxd5 8. cxd5 Ne7 9. Ne2 d6 10. d4 exd4 11. Nxd4 Nf5 12. Nc2 a5 13. b3 Qf6 14. 0-0 Bd7 15. Qd3 h5 16. Bd2 h4 17. Bc3 Qh6 18. Nd4 hxg3 19. hxg3 Qh5 20. Nxf5 Bxf5 21. Qd2 Rfe8 22. Bxa5 Re4 23. Rac1 Rae8 24. Rxc5 dxc5 25. Bxc7 R4e7 26. d6 Rd7 27. Qd5 Re6 28. Rd1 Re5 29. Qd2 Bg4 30. Rc1 Bf3 31. Qa5 Rf5 32. Rc4 g5 33. g4 Bxg4 34. Rxc5 Rxc5 35. Qxc5 Bf3 36. Bxf3 Qxf3 37. Qxg5+ Kf8 38. Qh6+ Kg8 39. Qg5+ Kf8 40. Qe5 Qg4+ 41. Kf1 Qd1+ 42. Kg2 Qg4+ 43. Qg3 Qe4+ 44. Qf3 Qg6+ 45. Qg3 Qe4+ 46. Qf3 Qg6+ 47. Qg3 1/2-1/2

[Event "Titled Tuesday intern op 18th Jul Early"]
[Site "Chess.com INT"]
[Date "2023.07.18"]
[Round "1"]
[White "Sahib, Singh"]
[Black "Molina Carretero, Daniel"]
[Result "1-0"]
[WhiteElo "2397"]
[BlackElo "2189"]
[PlyCount "59"]
[EventDate "2023.07.18"]
[EventType "swiss (blitz)"]
[EventRounds "11"]
[EventCountry "USA"]
[SourceTitle "EXT 2024"]
[Source "ChessBase"]
[SourceDate "2023.10.10"]
[SourceVersion "1"]
[SourceVersionDate "2023.10.10"]
[SourceQuality "1"]

1. e4 c5 2. Nf3 d6 3. d4 cxd4 4. Nxd4 Nf6 5. Nc3 g6 6. Be3 Bg7 7. f3 Nc6 8. Qd2 0-0 9. Bc4 Bd7 10. 0-0-0 Qa5 11. Kb1 Rfc8 12. Bb3 Ne5 13. g4 b5 14. Nd5 Qxd2 15. Rxd2 Nxd5 16. Bxd5 Nc4 17. Bxc4 Rxc4 18. h4 a5 19. h5 b4 20. hxg6 hxg6 21. g5 a4 22. Ne2 a3 23. b3 Rc7 24. Bd4 Rac8 25. Bxg7 Kxg7 26. Nf4 e6 27. Rdh2 Kf8 28. Rh8+ Ke7 29. Nxg6+ fxg6 30. R1h7# 1-0

[Event "Titled Tuesday intern op 11th Jul Early"]
[Site "Chess.com INT"]
[Date "2023.07.11"]
[Round "2"]
[White "Kantans, Toms"]
[Black "Molina Carretero, Daniel"]
[Result "1-0"]
[WhiteElo "2500"]
[BlackElo "2189"]
[PlyCount "113"]
[EventDate "2023.07.11"]
[EventType "swiss (blitz)"]
[EventRounds "11"]
[EventCountry "USA"]
[SourceTitle "EXT 2024"]
[Source "ChessBase"]
[SourceDate "2023.10.10"]
[SourceVersion "1"]
[SourceVersionDate "2023.10.10"]
[SourceQuality "1"]

1. e4 c5 2. Nf3 d6 3. Bb5+ Bd7 4. a4 Nf6 5. Qe2 a6 6. Bxd7+ Qxd7 7. e5 dxe5 8. Nxe5 Qc7 9. d3 e6 10. Nc3 Bd6 11. Nc4 Nbd7 12. a5 0-0 13. Nxd6 Qxd6 14. 0-0 Rac8 15. b3 Nb8 16. Na4 Nfd7 17. Nb2 Qd4 18. Ra4 Qc3 19. Nc4 Nc6 20. Qd1 Nd4 21. Ra2 Qb4 22. Bd2 Qb5 23. Nd6 Qc6 24. Nxc8 Rxc8 25. Re1 h6 26. h3 Nf6 27. Ra4 Nd5 28. Be3 Nf5 29. Qd2 Rd8 30. Rg4 Kh7 31. Qe2 Nf6 32. Ra4 Nd5 33. Qf3 Nfxe3 34. fxe3 Qd7 35. e4 Nc7 36. Rc4 Qe7 37. Qf2 Nb5 38. Qxc5 Qg5 39. Qxg5 hxg5 40. e5 Rd5 41. Ree4 Kg6 42. g4 Rd7 43. Kf2 Nc7 44. Kf3 Nd5 45. Rc5 Ne7 46. d4 Nc6 47. c3 Ne7 48. b4 Nc6 49. Ke3 Ne7 50. Kd3 Nc6 51. Kc2 Ne7 52. Kb3 Nd5 53. c4 Nf4 54. h4 Nd3 55. h5+ Kh6 56. Rc8 Nf2 57. Re2 1-0

[Event "Titled Tuesday intern op 11th Jul Early"]
[Site "Chess.com INT"]
[Date "2023.07.11"]
[Round "4"]
[White "Molina Carretero, Daniel"]
[Black "Rangel, Daniel"]
[Result "1-0"]
[WhiteElo "2189"]
[BlackElo "2199"]
[PlyCount "97"]
[EventDate "2023.07.11"]
[EventType "swiss (blitz)"]
[EventRounds "11"]
[EventCountry "USA"]
[SourceTitle "EXT 2024"]
[Source "ChessBase"]
[SourceDate "2023.10.10"]
[SourceVersion "1"]
[SourceVersionDate "2023.10.10"]
[SourceQuality "1"]

1. c4 Nf6 2. g3 e6 3. Nf3 d5 4. b3 Be7 5. Bg2 0-0 6. 0-0 a5 7. Nc3 c6 8. e3 b5 9. cxb5 cxb5 10. Nxb5 Ba6 11. a4 Qc7 12. Bb2 Qb7 13. Qe2 Nc6 14. Rfc1 Rab8 15. Nfd4 Nxd4 16. Bxd4 Bxb5 17. axb5 Qxb5 18. Qxb5 Rxb5 19. Rc7 Bb4 20. Bf1 Rbb8 21. Bc5 Bxc5 22. Rxc5 Rxb3 23. Rcxa5 Rb2 24. R5a2 Rb6 25. d4 g6 26. Bd3 Rfb8 27. Ra8 Rxa8 28. Rxa8+ Kg7 29. Ra2 Rb3 30. Rd2 Rc3 31. Kg2 h5 32. h3 Ra3 33. Kf3 Ra1 34. Kg2 Ne8 35. Kh2 Nd6 36. Kg2 Kf6 37. Kf3 Rg1 38. h4 Kg7 39. Ke2 Ne8 40. Rd1 Rg2 41. Kf1 Rh2 42. Kg1 Rh3 43. Kg2 Rxh4 44. gxh4 Nf6 45. Rh1 Ng4 46. Be2 Nf6 47. Bf3 Ne4 48. Bxe4 dxe4 49. Ra1 1-0

[Event "Titled Tuesday intern op 27th Jun Early"]
[Site "Chess.com INT"]
[Date "2023.06.27"]
[Round "5"]
[White "Molina Carretero, Daniel"]
[Black "Bilan, Danila"]
[Result "1-0"]
[WhiteElo "2189"]
[BlackElo "2303"]
[PlyCount "77"]
[EventDate "2023.06.27"]
[EventType "swiss (blitz)"]
[EventRounds "11"]
[EventCountry "USA"]
[SourceTitle "EXT 2024"]
[Source "ChessBase"]
[SourceDate "2023.10.10"]
[SourceVersion "1"]
[SourceVersionDate "2023.10.10"]
[SourceQuality "1"]

1. c4 c6 2. Nf3 d5 3. b3 Nf6 4. g3 Bf5 5. Bg2 e6 6. 0-0 h6 7. Bb2 Nbd7 8. a3 a5 9. d3 Be7 10. Nbd2 0-0 11. Ra2 a4 12. b4 b5 13. Qa1 Bh7 14. Rc1 Rc8 15. Ne5 Nxe5 16. Bxe5 Ne8 17. Nf3 Bf6 18. cxb5 cxb5 19. Rac2 Rxc2 20. Rxc2 Nd6 21. Rc6 Ne8 22. Qc3 Bxe5 23. Qxe5 Nf6 24. Nd4 Qa8 25. Qc7 Rb8 26. Nxb5 Bf5 27. Nd6 Bg6 28. Qxb8+ Qxb8 29. Rc8+ Qxc8 30. Nxc8 Nd7 31. b5 Kf8 32. b6 Ke8 33. b7 Kd8 34. Nb6 Nb8 35. Nxa4 Kc7 36. Nc5 Kc6 37. d4 Bc2 38. e3 Kb6 39. Bf1 1-0

[Event "Catalunya-chT Gp2"]
[Site "Barcelona"]
[Date "2023.03.04"]
[Round "7.7"]
[White "Molina Carretero, Daniel"]
[Black "Serrano Batova, Vicent"]
[Result "0-1"]
[WhiteElo "2218"]
[BlackElo "2123"]
[PlyCount "76"]
[EventDate "2023.01.21"]
[EventType "team-tourn"]
[EventRounds "7"]
[EventCountry "ESP"]
[SourceTitle "CBM 213 Extra"]
[Source "ChessBase"]
[SourceDate "2023.05.31"]
[SourceVersion "1"]
[SourceVersionDate "2023.05.31"]
[SourceQuality "1"]
[WhiteTeam "Olot"]
[BlackTeam "Barcelona Escacs CC"]
[WhiteTeamCountry "ESP"]
[BlackTeamCountry "ESP"]

1. c4 e5 2. g3 Nc6 3. Bg2 h5 4. h4 Bc5 5. Nc3 d6 6. Nf3 Bg4 7. d3 a6 8. a3 Nge7 9. b4 Ba7 10. Bb2 f6 11. Rc1 Qd7 12. Nd5 Nxd5 13. cxd5 Ne7 14. Nd2 0-0 15. Qb3 b5 16. f3 Bf5 17. e4 Bg6 18. Bh3 Qd8 19. Ke2 Bb6 20. a4 bxa4 21. Qxa4 Be8 22. Qc2 f5 23. Nc4 fxe4 24. dxe4 Bb5 25. Be6+ Kh8 26. Qd2 Ng8 27. Qg5 a5 28. Qxh5+ Nh6 29. Rhf1 axb4 30. Ke1 Ra2 31. Nxb6 Rxb2 32. Nc4 Rh2 33. Qg5 Qa8 34. Qe3 Qa2 35. Nd2 b3 36. Rf2 b2 37. Rd1 Rh1+ 38. Nf1 Rxf1+ 0-1

[Event "Platja d'Aro op 9th"]
[Site "Platja d'Aro"]
[Date "2022.12.29"]
[Round "7"]
[White "Molina Carretero, Daniel"]
[Black "Clot Chico, Arnau"]
[Result "1-0"]
[WhiteElo "2218"]
[BlackElo "2011"]
[PlyCount "93"]
[EventDate "2022.12.26"]
[EventType "swiss"]
[EventRounds "9"]
[EventCountry "ESP"]
[SourceTitle "CBM 211 Extra"]
[Source "ChessBase"]
[SourceDate "2023.01.31"]
[SourceVersion "1"]
[SourceVersionDate "2023.01.31"]
[SourceQuality "1"]

1. Nf3 d5 2. g3 Nc6 3. d4 Bf5 4. Bg2 e6 5. 0-0 Nb4 6. Na3 c5 7. c4 Nf6 8. Bg5 Be7 9. dxc5 0-0 10. Qb3 Bxc5 11. Rac1 Rc8 12. e3 Nd3 13. Rc3 Bxa3 14. Qxa3 dxc4 15. Nd4 Bg6 16. Bxb7 Rb8 17. Bg2 Qb6 18. Bxf6 gxf6 19. b3 Rfc8 20. bxc4 Ne5 21. c5 Qb2 22. Qxb2 Rxb2 23. f4 Ng4 24. h3 Nxe3 25. Rxe3 Rxc5 26. f5 Rc4 27. fxg6 Rxd4 28. gxh7+ Kxh7 29. Ref3 f5 30. R1f2 Rxf2 31. Rxf2 Kg6 32. Rc2 Ra4 33. Kf2 f6 34. Bc6 Ra3 35. Be8+ Kg5 36. Bf7 e5 37. Bb3 f4 38. gxf4+ Kxf4 39. Rc4+ e4 40. Ra4 Rxa4 41. Bxa4 f5 42. Bd7 Ke5 43. Kg3 f4+ 44. Kg4 e3 45. Kf3 Kf6 46. h4 Kg6 47. Bg4 1-0

[Event "Platja d'Aro op 9th"]
[Site "Platja d'Aro"]
[Date "2022.12.26"]
[Round "1"]
[White "Foix Breto, Antoni"]
[Black "Molina Carretero, Daniel"]
[Result "0-1"]
[WhiteElo "1534"]
[BlackElo "2218"]
[PlyCount "84"]
[EventDate "2022.12.26"]
[EventType "swiss"]
[EventRounds "9"]
[EventCountry "ESP"]
[SourceTitle "CBM 211 Extra"]
[Source "ChessBase"]
[SourceDate "2023.01.31"]
[SourceVersion "1"]
[SourceVersionDate "2023.01.31"]
[SourceQuality "1"]

1. e4 c5 2. Nf3 d6 3. d4 cxd4 4. Nxd4 Nf6 5. Nc3 g6 6. Bc4 Bg7 7. Bb3 Nc6 8. 0-0 0-0 9. h3 Nxd4 10. Qxd4 Bd7 11. Qd3 Bc6 12. Re1 Nd7 13. Be3 Nc5 14. Bxc5 dxc5 15. Bd5 Qc7 16. Rad1 Rad8 17. Qc4 e6 18. Bxc6 Qxc6 19. Rd3 Rxd3 20. Qxd3 c4 21. Qd2 b5 22. e5 Qb6 23. Qe3 Qxe3 24. Rxe3 a6 25. f4 Rd8 26. Kf2 Bh6 27. g3 g5 28. Kf3 gxf4 29. gxf4 Kg7 30. Ne4 Rd1 31. Ra3 Rf1+ 32. Nf2 Bxf4 33. Ke2 Rc1 34. Rxa6 Rxc2+ 35. Kf3 Bxe5 36. a4 b4 37. Ra5 Bxb2 38. Ne4 Bd4 39. h4 b3 40. Rb5 b2 41. a5 Rc1 42. Nd2 c3 0-1

[Event "Titled Tuesday intern op 13th Dec Early"]
[Site "Chess.com INT"]
[Date "2022.12.13"]
[Round "6"]
[White "D'Arruda, Ricardo D"]
[Black "Molina Carretero, Daniel"]
[Result "0-1"]
[WhiteElo "2271"]
[BlackElo "2218"]
[PlyCount "154"]
[EventDate "2022.12.13"]
[EventType "swiss (blitz)"]
[EventRounds "11"]
[EventCountry "USA"]
[SourceTitle "EXT 2024"]
[Source "ChessBase"]
[SourceDate "2023.10.10"]
[SourceVersion "1"]
[SourceVersionDate "2023.10.10"]
[SourceQuality "1"]

1. d4 Nf6 2. Nf3 e6 3. Nc3 b6 4. Bg5 h6 5. Bh4 Bb7 6. e3 Be7 7. Be2 d6 8. 0-0 Nbd7 9. a4 a6 10. Re1 0-0 11. b3 Nh5 12. Bxe7 Qxe7 13. Nd2 Nhf6 14. Bf3 Bxf3 15. Qxf3 d5 16. e4 dxe4 17. Ncxe4 Rad8 18. Rad1 Nxe4 19. Nxe4 Nf6 20. Nxf6+ Qxf6 21. Qxf6 gxf6 22. Re3 Rd5 23. Rg3+ Kh7 24. Rgd3 Rfd8 25. Kf1 f5 26. Ke2 Kg6 27. f4 Kf6 28. Ke3 Rg8 29. g3 h5 30. Kf3 Rd7 31. R1d2 Rgd8 32. c4 c6 33. Ke3 h4 34. b4 hxg3 35. hxg3 Rh8 36. d5 cxd5 37. cxd5 e5 38. d6 e4 39. Rd5 Rh3 40. Rg2 Rh1 41. g4 Rh3+ 42. Kd4 Rd3+ 43. Kc4 fxg4 44. Rxg4 Rxd6 45. Rxd6+ Rxd6 46. Rg5 Re6 47. Rg2 Kf5 48. Kd4 e3 49. Kd3 Kxf4 50. Ke2 Ke4 51. Rg4+ Kd5 52. Rf4 f6 53. Rh4 Ke5 54. Rc4 f5 55. Kxe3 Kd5+ 56. Kd3 Re3+ 57. Kxe3 Kxc4 58. Kf4 Kxb4 59. Kxf5 Kxa4 60. Ke4 Kb3 61. Kd3 a5 62. Kd2 a4 63. Kc1 a3 64. Kb1 b5 65. Ka1 b4 66. Kb1 Kc3 67. Ka1 Kc2 68. Ka2 b3+ 69. Kxa3 b2 70. Kb4 b1Q+ 71. Kc5 Qb3 72. Kd4 Qa4+ 73. Ke5 Qb4 74. Ke6 Qc4+ 75. Kd7 Kd3 76. Ke7 Kd4 77. Kf6 Qc5 0-1

[Event "Titled Tuesday intern op 13th Dec Early"]
[Site "Chess.com INT"]
[Date "2022.12.13"]
[Round "9"]
[White "Molina Carretero, Daniel"]
[Black "Petrovic, Aleksa"]
[Result "1-0"]
[WhiteElo "2218"]
[BlackElo "2263"]
[PlyCount "63"]
[EventDate "2022.12.13"]
[EventType "swiss (blitz)"]
[EventRounds "11"]
[EventCountry "USA"]
[SourceTitle "EXT 2024"]
[Source "ChessBase"]
[SourceDate "2023.10.10"]
[SourceVersion "1"]
[SourceVersionDate "2023.10.10"]
[SourceQuality "1"]

1. c4 e5 2. g3 f5 3. Bg2 Nf6 4. Nc3 d6 5. d3 g6 6. Rb1 Bg7 7. Bg5 0-0 8. e3 c6 9. Nge2 Qe8 10. Bxf6 Bxf6 11. 0-0 g5 12. b4 h5 13. d4 g4 14. c5 dxc5 15. dxe5 Bxe5 16. bxc5 h4 17. Nf4 hxg3 18. hxg3 Kg7 19. Qb3 Rh8 20. Rfd1 Bxf4 21. exf4 Na6 22. Qb2 Kg8 23. Re1 Qh5 24. Re5 Bd7 25. Qxb7 Rd8 26. Qxa6 Bc8 27. Qc4+ Kg7 28. Re7+ Kf6 29. Rbe1 Qh2+ 30. Kf1 Qh6 31. R1e6+ Bxe6 32. Qxe6# 1-0

[Event "Titled Tuesday intern op 13th Dec Early"]
[Site "Chess.com INT"]
[Date "2022.12.13"]
[Round "7"]
[White "Molina Carretero, Daniel"]
[Black "Santos Flores, Alberto Javier"]
[Result "0-1"]
[WhiteElo "2218"]
[BlackElo "2164"]
[PlyCount "84"]
[EventDate "2022.12.13"]
[EventType "swiss (blitz)"]
[EventRounds "11"]
[EventCountry "USA"]
[SourceTitle "EXT 2024"]
[Source "ChessBase"]
[SourceDate "2023.10.10"]
[SourceVersion "1"]
[SourceVersionDate "2023.10.10"]
[SourceQuality "1"]

1. c4 c6 2. Nf3 d5 3. b3 Nf6 4. g3 Bf5 5. Bg2 Nbd7 6. Bb2 e6 7. 0-0 Be7 8. d3 h6 9. Nbd2 0-0 10. a3 a5 11. Ra2 Bh7 12. Qa1 b5 13. cxb5 cxb5 14. Rc1 Qb6 15. Bd4 Qb7 16. Rac2 Rfc8 17. Ne5 Nxe5 18. Bxe5 Rxc2 19. Rxc2 Rc8 20. Rxc8+ Qxc8 21. Qb2 Ne8 22. Nf3 Bf6 23. b4 a4 24. Kf1 Bxe5 25. Nxe5 Nd6 26. Ke1 f6 27. Nf3 e5 28. Kd2 d4 29. Qc1 Qxc1+ 30. Kxc1 Kf7 31. Nd2 Ke7 32. Bd5 Bf5 33. Kc2 Bg4 34. Kd1 Be6 35. Bxe6 Kxe6 36. e4 dxe3 37. fxe3 e4 38. Ke2 Kd5 39. g4 g6 40. h4 h5 41. gxh5 gxh5 42. d4 Nf5 0-1

[Event "Titled Tuesday intern op 13th Dec Early"]
[Site "Chess.com INT"]
[Date "2022.12.13"]
[Round "4"]
[White "Molina Carretero, Daniel"]
[Black "Seifert, Henryk"]
[Result "1-0"]
[WhiteElo "2218"]
[BlackElo "2106"]
[PlyCount "61"]
[EventDate "2022.12.13"]
[EventType "swiss (blitz)"]
[EventRounds "11"]
[EventCountry "USA"]
[SourceTitle "EXT 2024"]
[Source "ChessBase"]
[SourceDate "2023.10.10"]
[SourceVersion "1"]
[SourceVersionDate "2023.10.10"]
[SourceQuality "1"]

1. c4 c6 2. Nf3 d5 3. b3 Nf6 4. g3 Bf5 5. Bg2 e6 6. 0-0 Nbd7 7. Bb2 Be7 8. d3 h6 9. Nbd2 Bh7 10. a3 a5 11. Ra2 0-0 12. Qa1 Qb6 13. h3 Bd6 14. Ne5 Nxe5 15. Bxe5 Bxe5 16. Qxe5 Rfd8 17. Rb1 Rd7 18. Qb2 Bg6 19. Nf3 a4 20. Ne5 Re7 21. Nxg6 fxg6 22. b4 dxc4 23. dxc4 Rd8 24. c5 Qc7 25. Qc2 Kh7 26. Qxa4 e5 27. Rd1 Rde8 28. Rad2 e4 29. e3 Nd5 30. Qc2 Rf7 31. Rd4 1-0

[Event "Titled Tuesday intern op 13th Dec Early"]
[Site "Chess.com INT"]
[Date "2022.12.13"]
[Round "5"]
[White "Roebers, Jan"]
[Black "Molina Carretero, Daniel"]
[Result "1/2-1/2"]
[WhiteElo "2119"]
[BlackElo "2218"]
[PlyCount "146"]
[EventDate "2022.12.13"]
[EventType "swiss (blitz)"]
[EventRounds "11"]
[EventCountry "USA"]
[SourceTitle "EXT 2024"]
[Source "ChessBase"]
[SourceDate "2023.10.10"]
[SourceVersion "1"]
[SourceVersionDate "2023.10.10"]
[SourceQuality "1"]

1. e4 c5 2. Nf3 d6 3. c3 Nf6 4. Bd3 g6 5. h3 Bg7 6. Bc2 0-0 7. 0-0 Nc6 8. d4 e5 9. dxe5 dxe5 10. Qxd8 Rxd8 11. Bg5 h6 12. Bh4 Be6 13. Nbd2 g5 14. Bg3 Nh5 15. Rad1 Nf4 16. Bxf4 exf4 17. Bb3 b5 18. Bxe6 fxe6 19. Nb3 c4 20. Nbd4 Nxd4 21. Nxd4 Bxd4 22. cxd4 Kf7 23. d5 exd5 24. exd5 Rd6 25. Rfe1 Rad8 26. a4 a6 27. axb5 axb5 28. b3 Rxd5 29. Rxd5 Rxd5 30. bxc4 bxc4 31. Kf1 Kf6 32. Rc1 Rd4 33. Ke2 Kf5 34. f3 h5 35. Rc2 g4 36. hxg4+ hxg4 37. Rc3 g3 38. Rc2 Ke5 39. Rc3 Kd5 40. Ra3 Kc5 41. Ra8 c3 42. Rc8+ Kb4 43. Rb8+ Ka3 44. Rc8 Kb2 45. Rb8+ Kc1 46. Rc8 Rd2+ 47. Ke1 c2 48. Kf1 Kb1 49. Rb8+ Ka2 50. Ra8+ Kb3 51. Rb8+ Ka4 52. Ra8+ Kb5 53. Rb8+ Ka6 54. Rc8 Rd1+ 55. Ke2 c1Q 56. Ra8+ Kb5 57. Rb8+ Kc4 58. Rc8+ Kd5 59. Rd8+ Ke5 60. Re8+ Kd4 61. Rd8+ Kc3 62. Rc8+ Kb2 63. Rb8+ Ka2 64. Ra8+ Kb1 65. Rb8+ Qb2+ 66. Rxb2+ Kxb2 67. Kxd1 Kc3 68. Ke2 Kc2 69. Ke1 Kd3 70. Kd1 Ke3 71. Ke1 Kd3 72. Kd1 Ke3 73. Ke1 Kd3 1/2-1/2